[Event "45th Olympiad 2024"]
[Site "Budapest HUN"]
[Date "2024.09.14"]
[Round "4.23"]
[Board "2"]
[White "Ragger, Markus"]
[Black "Annaberdiyev, Meylis"]
[Result "1/2-1/2"]
[WhiteElo "2601"]
[BlackElo "2431"]
[PlyCount "207"]
[EventDate "2024.09.11"]
[WhiteTeam "Austria"]
[BlackTeam "Turkmenistan"]
[WhiteTeamCountry "AUT"]
[BlackTeamCountry "TKM"]

1. d4 Nf6 2. c4 e6 3. Nc3 d5 4. cxd5 exd5 5. Bg5 c6 6. e3 Bd6 7. Bd3 O-O 8. Nge2 Re8 9. Qc2 h6 10. Bh4 a5 11. h3 Na6 12. a3 Nc7 13. O-O Ne6 14. Rad1 ({RR} 14. f4 g5 15. Bg3 g4 16. Bh4 gxh3 17. Ng3 Ng7 18. Rae1 Be7 19. f5 h2+ 20. Kh1 Ng4 21. f6 Nxf6 22. Bxf6 Bxf6 23. Qf2 Re6 24. e4 Qe7 25. exd5 Rxe1 26. Rxe1 Bxd4 27. Rxe7 Bxf2 28. Nge4 Bh4 {0-1 Salem,A (2675)-Carlsen,M (2872) Wch Blitz Moscow 2019 (3)}) 14... Ng5 15. f4 Ne6 ({RR} 15... Nxh3+ 16. gxh3 Rxe3 17. Bf5 Qe8 18. Bxf6 gxf6 19. Rf2 Kh8 20. Rg2 b5 21. Kh2 b4 22. Bxc8 Qxc8 23. Rd3 Qxh3+ 24. Kg1 Rxd3 {0-1 Daakshin,A (2274)-Dubnevych,M (2293) Titled Tue 4th Jun Early 2024 (6)}) 16. Ng3 $146 ({RR} 16. e4 dxe4 17. Nxe4 Be7 18. Nxf6+ Bxf6 19. Bxf6 Qxf6 20. Bc4 b5 21. Ba2 Bb7 22. Ng3 Nxd4 23. Qf2 Rad8 24. f5 c5 25. Qf4 Qc6 26. Qf2 Qf6 27. Qf4 Qe5 28. Qxe5 Rxe5 29. f6 Rg5 30. Kh2 g6 {½-½ Kashlinskaya,A (2494)-Rosen,E (2353) IM Not A GM Speed Chess blitz 2020 (2.1)}) ({RR} 16. e4 dxe4 17. Nxe4 Be7 18. Bf2 Nd5 19. f5 Ng5 20. N4c3 Nf6 21. Bg3 Bd6 22. h4 Ngh7 23. Bc4 Bxg3 24. Nxg3 Qc7 25. Nce4 Bd7 26. Rde1 Rad8 27. Qb3 Bc8 28. Qc3 Qb6 29. Nc5 Qc7 30. Nge4 b6 {½-½ Nielsen-Refs,K (1810)-Gregor,B (2158) Obro x CXU New Year 2023 (6.8)}) 16... Nf8 17. e4 dxe4 18. Ngxe4 Be7 19. Bxf6 Bxf6 20. Nxf6+ Qxf6 21. d5 Bd7 22. Ne4 Qh4 23. Nd6 Re3 24. dxc6 bxc6 25. Bf5 Re7 26. Bxd7 Rxd7 27. Qxc6 Rb8 28. Nf5 Qd8 29. Rxd7 Qxd7 30. Qxd7 Nxd7 31. Rd1 Nc5 32. Ne7+ Kh7 33. Rd5 Ne6 34. f5 Nf4 35. Rd2 Rb5 36. Kf2 Rb3 37. Nc6 Nd3+ 38. Ke2 Nxb2 39. Nd4 Rb7 40. Rc2 Re7+ 41. Kd2 Rd7 42. Kc3 Na4+ 43. Kd3 Nb6 44. Rc5 a4 45. Ra5 h5 46. g4 hxg4 47. hxg4 g5 48. fxg6+ Kxg6 49. Ke4 Re7+ 50. Kf4 Rd7 51. Nf5 Rd3 52. Ra6 Rb3 53. Nd4 Rb1 54. Nf3 Kg7 55. Nd4 Kg6 56. Ra5 Rf1+ 57. Kg3 Rd1 58. Nf3 Rd3 59. Ra6 Rb3 60. Kf4 Kg7 61. Nd4 Rb1 62. Kg5 f6+ 63. Kf4 Rf1+ 64. Kg3 Rg1+ 65. Kf2 Rb1 66. Ra7+ Kg6 67. Kg3 Rg1+ 68. Kf3 Rf1+ 69. Kg3 Rg1+ 70. Kh3 Rh1+ 71. Kg3 Rg1+ 72. Kf4 Rf1+ 73. Nf3 Rh1 74. Kg3 Rh7 75. Nh4+ Kh6 76. Nf5+ Kg6 77. Nh4+ Kh6 78. Nf5+ Kg6 79. Ra6 Rb7 80. Kh4 Rh7+ 81. Kg3 Rb7 82. Ra5 Rc7 83. Ra6 Rb7 84. Nd6 Rb8 85. Ne4 Nd5 86. Rxa4 Rb3+ 87. Kf2 Nc3 88. Nxc3 Rxc3 89. Ra5 Rb3 90. Kg2 Rc3 91. Kh2 Rb3 92. Kg2 Rc3 93. Kf2 Rb3 94. a4 Ra3 95. Ke2 Rg3 96. Ra8 Kg7 97. a5 Rxg4 98. a6 Ra4 99. Kd3 f5 100. Ke3 Kh7 101. Kf3 Kg7 102. a7 Kh7 103. Rf8 Rxa7 104. Rxf5 1/2-1/2

[Event "45th Olympiad 2024"]
[Site "Budapest HUN"]
[Date "2024.09.14"]
[Round "4.23"]
[Board "3"]
[White "Hommadov, Amanmuhammet"]
[Black "Horvath, Dominik"]
[Result "1/2-1/2"]
[WhiteElo "2181"]
[BlackElo "2559"]
[PlyCount "83"]
[EventDate "2024.09.11"]
[WhiteTeam "Turkmenistan"]
[BlackTeam "Austria"]
[WhiteTeamCountry "TKM"]
[BlackTeamCountry "AUT"]

1. e4 e5 2. Nf3 Nc6 3. Bb5 a6 4. Ba4 Nge7 5. O-O Ng6 6. c3 d5 7. exd5 Qxd5 8. d4 Bg4 9. Bb3 Bxf3 10. Bxd5 Bxd1 11. Rxd1 O-O-O 12. Bxf7 exd4 13. cxd4 ({RR} 13. Bg5 Be7 14. Bxe7 Ngxe7 15. cxd4 Nxd4 16. Nc3 Rhf8 17. Bc4 Nec6 18. Rac1 Ne5 19. Bf1 Rf6 20. f3 Rb6 21. b3 g5 22. Kf2 Re6 23. h3 h5 24. Ne4 g4 25. f4 Ng6 26. Ng5 g3+ 27. Kxg3 Rf6 {1-0 Gurel,E (2578)-Kurmangaliyeva,L (2230) Sardinia World Open A 2024 (1.13)}) 13... Nxd4 $146 ({RR} 13... Rxd4 14. Nc3 Bc5 15. Be3 {½-½ Svidler,P (2692)-Pichot,A (2638) AimChess Rapid Play-In 2023 (6.7)}) 14. Nc3 Ne2+ 15. Kf1 Rxd1+ 16. Nxd1 Nxc1 17. Rxc1 Bd6 18. g3 Ne5 19. Be6+ Kb8 20. Ne3 Re8 21. Bd5 Nd3 22. Rc3 Nb4 23. Bb3 Be5 24. Rc4 Nd3 25. Bc2 Rd8 26. Bxd3 Rxd3 27. Ke2 Rd7 28. b3 b5 29. Rc5 Bd4 30. Rd5 Rxd5 31. Nxd5 Kb7 32. f4 Kc6 33. Nb4+ Kd6 34. Nxa6 c5 35. a4 bxa4 36. bxa4 Kc6 37. Kd3 Bg1 38. Kc4 Bxh2 39. Nxc5 Bxg3 40. Ne6 h5 41. Nxg7 Bxf4 42. Nxh5 1/2-1/2

[Event "45th Olympiad 2024"]
[Site "Budapest HUN"]
[Date "2024.09.14"]
[Round "4.23"]
[Board "4"]
[White "Baidetskyi, Valentin"]
[Black "Shirliyev, Allayar"]
[Result "1-0"]
[WhiteElo "2512"]
[BlackElo "2200"]
[PlyCount "107"]
[EventDate "2024.09.11"]
[WhiteTeam "Austria"]
[BlackTeam "Turkmenistan"]
[WhiteTeamCountry "AUT"]
[BlackTeamCountry "TKM"]

1. e4 e5 2. Nf3 Nc6 3. Bc4 Nf6 4. d3 d5 5. exd5 Nxd5 6. O-O Nb6 7. Bb5 Bd6 8. Bxc6+ bxc6 9. Nxe5 Bxe5 10. Re1 Qe7 11. f4 Bd4+ 12. Kh1 Be6 13. f5 O-O 14. fxe6 fxe6 $146 ({RR} 14... Nd5 15. c4 Nf6 16. Nc3 fxe6 17. Be3 Rad8 18. Bxd4 Rxd4 19. Qe2 Re8 20. Rf1 Qd6 21. Rae1 Ng4 22. g3 Nf6 23. Rf3 e5 24. Re3 Rd8 25. Qf3 Rf8 26. Rxe5 Rxd3 27. Qf5 Rd2 28. R5e2 h5 29. Rxd2 {1-0 Paravyan,D (2612)-Demchenko,A (2609) Chessable Masters Div 3 W 2024 (1.1)}) 15. Nd2 Nd5 16. Nf3 Bc5 17. d4 Bb4 18. c3 Nxc3 19. bxc3 Bxc3 20. Re3 Bxa1 21. Ba3 Rxf3 22. Bxe7 Rxe3 23. Qxa1 Rb8 24. h3 e5 25. dxe5 Re8 26. Bc5 R3xe5 27. Qc3 a6 28. Bd4 Rg5 29. Qxc6 Re1+ 30. Kh2 Rg6 31. Qxc7 h6 32. Qc3 Ree6 33. a4 Kh8 34. Qf3 Rd6 35. Qf4 Rd5 36. Qe4 Rdd6 37. a5 Rg5 38. h4 Rgg6 39. Be5 Rc6 40. h5 Rge6 41. Qd5 Kh7 42. Kg3 Rf6 43. Bxf6 Rxf6 44. Qd8 Rc6 45. Qb6 Rf6 46. Qxf6 gxf6 47. Kf4 Kg7 48. Kf5 Kf7 49. g4 Ke7 50. Kg6 Ke6 51. Kxh6 f5 52. gxf5+ Kf6 53. Kh7 Kf7 54. h6 1-0

[Event "45th Olympiad 2024"]
[Site "Budapest HUN"]
[Date "2024.09.14"]
[Round "4.24"]
[Board "1"]
[White "Zambrana, Osvaldo"]
[Black "Peralta, Fernando"]
[Result "0-1"]
[WhiteElo "2405"]
[BlackElo "2558"]
[PlyCount "54"]
[EventDate "2024.09.11"]
[WhiteTeam "Bolivia"]
[BlackTeam "Argentina"]
[WhiteTeamCountry "BOL"]
[BlackTeamCountry "ARG"]

1. e4 e6 2. d4 d5 3. Nd2 c5 4. Ngf3 cxd4 5. exd5 Qxd5 6. Bc4 Qd8 7. O-O Nc6 8. Nb3 a6 9. Nbxd4 Nxd4 10. Nxd4 Qc7 11. Qe2 ({RR} 11. Bb3 Bd6 12. Qh5 Nf6 13. Qh4 Bd7 14. Bg5 O-O-O 15. Rad1 h6 16. Bxf6 gxf6 17. Rd3 Kb8 18. Rfd1 Be5 19. c3 Rdg8 20. Qh5 Rg5 21. Qh3 Rgg8 22. Qh5 Rg5 23. Qh3 Rgg8 24. Qh5 Rg5 {½-½ Navara,D (2737)-Harikrishna,P (2737) Biel GM 50th 2017 (7)}) ({RR} 11. Bb3 Bd6 12. Nf3 Ne7 13. Qe2 O-O 14. Re1 b6 15. c3 Bb7 16. h3 Ng6 17. Bc2 Nf4 18. Bxf4 Bxf4 19. Be4 Rfd8 20. Red1 g6 21. Bxb7 Qxb7 22. g3 Bh6 23. Rd3 Rxd3 24. Qxd3 Bg7 25. Rd1 Bf6 {½-½ Paveto,K (2451)-Peralta,F (2573) ARG-ch 95th Villa Martelli 2021 (11)}) 11... Bd6 12. Kh1 ({RR} 12. h3 Ne7 13. a4 b6 14. Be3 Bb7 15. Bb3 O-O 16. f4 Nd5 17. Bxd5 Bxd5 18. Qf2 Rab8 19. Rfc1 b5 20. axb5 axb5 21. Nb3 Ra8 22. Bc5 Bxc5 23. Qxc5 Qxf4 24. Rxa8 Rxa8 25. Rf1 Qg3 26. Qf2 Qxf2+ {1-0 Marochkina,Y (1856)-Zhukova,N (2302) Swiss Queens Wed #30 2024 (1.235)}) 12... Ne7 13. Bb3 $146 ({RR} 13. a4 O-O 14. c3 Ng6 15. Bd3 Bc5 16. Be3 e5 17. Nc2 Be6 18. Bxg6 hxg6 19. Bxc5 Qxc5 20. Rfe1 Bb3 21. Ra3 Bc4 22. Qe3 Qc6 23. b3 Bd5 24. f3 Rfe8 25. Nb4 Qe6 26. c4 Bc6 27. Raa1 {½-½ Antal,G (2517)-Gupta,A (2626) Zalakaros op 36th 2017 (4)}) ({RR} 13. b3 O-O 14. Bb2 Ng6 15. a4 Bd7 16. Rad1 Rad8 17. Rfe1 Kh8 18. g3 Bb4 19. c3 Bc5 20. Bd3 Bxd4 21. cxd4 Bc6+ 22. Kg1 Qd6 23. Qc2 Bd5 24. Rc1 Rd7 25. Bc3 Ne7 26. b4 Rc8 27. Qb2 Rdc7 {½-½ Asgarizadeh,M (2147)-Pham,L (2331) Olympiad Women-41 2014 (8.4)}) 13... O-O 14. Nf3 b5 15. Ng5 Bb7 16. Qd3 Ng6 17. h4 Bf4 18. Rg1 Rad8 19. Qh3 Bxc1 20. Raxc1 Rd4 21. h5 Rh4 22. hxg6 Qf4 23. gxf7+ Rxf7 24. Bxe6 Qxg5 25. f3 Rxh3+ 26. Bxh3 Rxf3 27. Be6+ Rf7 0-1

[Event "45th Olympiad 2024"]
[Site "Budapest HUN"]
[Date "2024.09.14"]
[Round "4.24"]
[Board "2"]
[White "Krysa, Leandro"]
[Black "Gemy, Jose Daniel"]
[Result "1/2-1/2"]
[WhiteElo "2495"]
[BlackElo "2315"]
[PlyCount "112"]
[EventDate "2024.09.11"]
[WhiteTeam "Argentina"]
[BlackTeam "Bolivia"]
[WhiteTeamCountry "ARG"]
[BlackTeamCountry "BOL"]

1. c4 Nf6 2. Nc3 e6 3. Nf3 b6 4. e4 Bb7 5. Qe2 e5 6. Nxe5 Qe7 7. d4 d6 8. Nd3 Nxe4 9. Nd5 $146 ({RR} 9. Nxe4 Qxe4 10. Be3 Nc6 11. f3 Qf5 12. d5 Ne5 13. Nxe5 dxe5 14. O-O-O O-O-O 15. Qc2 {½-½ Prusikin,M (2563)-Meier,G (2424) GER-ch 77th Osterburg 2006 (3)}) 9... Bxd5 10. cxd5 Nf6 11. Bg5 Qxe2+ 12. Bxe2 Nxd5 13. Bf3 c6 14. Bxd5 cxd5 15. Nb4 Kd7 16. Rc1 h6 17. Be3 Be7 18. Kd2 Bd8 19. Rc2 b5 20. Kd3 Ba5 21. Nxd5 Nc6 22. Rhc1 Rhc8 23. g4 Ke6 24. Nf4+ Kd7 25. Nd5 Bd8 26. f4 Ne7 27. Rxc8 Rxc8 28. Nxe7 Rxc1 29. Bxc1 Bxe7 30. d5 g6 31. Ke4 h5 32. h3 hxg4 33. hxg4 f6 34. Be3 a6 35. f5 g5 36. Bb6 Bd8 37. Bd4 Kc7 38. Kd3 Kd7 39. Kc3 Kc7 40. Kb4 Kb7 41. a4 bxa4 42. Kxa4 Be7 43. Be3 Bd8 44. Bd2 Be7 45. Ba5 Ka7 46. b4 Kb7 47. b5 axb5+ 48. Kxb5 Bf8 49. Bd8 Bg7 50. Bb6 Bf8 51. Bd8 Bg7 52. Ba5 Bf8 53. Bc3 Be7 54. Bd4 Bd8 55. Bc3 Be7 56. Bd4 Bd8 1/2-1/2

[Event "45th Olympiad 2024"]
[Site "Budapest HUN"]
[Date "2024.09.14"]
[Round "4.24"]
[Board "3"]
[White "Ticona Rocabado, Licael Roderick"]
[Black "Flores, Diego"]
[Result "0-1"]
[WhiteElo "2321"]
[BlackElo "2546"]
[PlyCount "154"]
[EventDate "2024.09.11"]
[WhiteTeam "Bolivia"]
[BlackTeam "Argentina"]
[WhiteTeamCountry "BOL"]
[BlackTeamCountry "ARG"]

1. d4 Nf6 2. c4 c5 3. Nf3 cxd4 4. Nxd4 b6 5. Nc3 Bb7 6. Bg5 Nc6 ({RR} 6... h6 7. Bxf6 gxf6 8. Qd2 Nc6 9. O-O-O Nxd4 10. Qxd4 Qc7 11. e3 O-O-O 12. Nb5 Qb8 13. Kb1 a6 14. Qxb6 Be4+ 15. Bd3 Bxd3+ 16. Rxd3 Qxb6 17. Nd4 e6 18. Rc1 Bc5 19. Nb3 Kc7 20. Rc2 Rb8 21. Nd2 {0-1 Perossa,N (2216)-Adithya A Chullikkad (2215) Titled Tue 7th May Early 2024 (5)}) 7. e4 ({RR} 7. e3 a6 8. Be2 e6 9. O-O Be7 10. Rc1 O-O 11. Bh4 Ne5 12. f4 Ng6 13. Bg3 Ne4 14. Nxe4 Bxe4 15. Bd3 Bxd3 16. Qxd3 f5 17. Rcd1 Qc7 18. b3 Qb7 19. a4 Nh8 20. Nf3 Rfd8 21. Bh4 Bxh4 {½-½ McShane,L (2682)-Delgado Ramirez,N (2615) FIDE World Cup 2019 (1.1)}) 7... Qb8 8. f3 $146 ({RR} 8. Nxc6 Bxc6 9. Bd3 e6 10. Qe2 Bd6 11. Nd5 Nxd5 12. exd5 Bb7 13. O-O-O Bf4+ 14. Bxf4 Qxf4+ 15. Kb1 O-O 16. g3 Qf6 17. Be4 exd5 18. Bxd5 Rae8 19. Qc2 Bxd5 20. Rxd5 Qf3 21. Rhd1 Re2 22. Rf5 Qg4 {0-1 Johansen,D (2494)-Ftacnik,L (2579) Gold Coast Parkroyal op 2000 (7)}) ({RR} 8. Be2 e6 9. O-O Bb4 10. Bxf6 gxf6 11. a3 Bd6 12. h3 Rg8 13. Ndb5 Be7 14. Qd2 a6 15. Nd4 f5 16. Nxc6 Bxc6 17. Bf3 Qe5 18. Rad1 O-O-O 19. b4 Bf6 20. b5 Qxc3 21. Qxc3 Bxc3 22. bxc6 fxe4 {½-½ Dimitrijeski,K (2160)-Virnik,E Berlin-ch U20 1996}) 8... e6 9. Be3 Bc5 10. Be2 O-O 11. Nxc6 Bxc6 12. Qd2 Rd8 13. O-O Qf4 14. Nd1 d5 15. exd5 exd5 16. Rf2 Bxe3 17. Qxe3 Qd6 18. cxd5 Nxd5 19. Qd4 Qh6 20. Bf1 Nf4 21. Qb4 Qh4 22. a3 Qg5 23. Kh1 h5 24. Nc3 h4 25. Ne4 Qh6 26. Rd2 h3 27. g3 Qh5 28. Qc3 Bxe4 29. fxe4 Ne6 30. Re1 Rxd2 31. Qxd2 Rd8 32. Qc2 Ng5 33. Be2 Qg6 34. Bg4 Qf6 35. e5 Qe7 36. Qf2 g6 37. Kg1 Rd5 38. Qf4 f5 39. Be2 Ne4 40. Bf1 Qc5+ 41. Qe3 Qxe3+ 42. Rxe3 Rd1 43. Rd3 Nd2 44. Kf2 Rxf1+ 45. Ke2 Rh1 46. Kxd2 Rxh2+ 47. Ke3 Rxb2 48. e6 Kf8 49. Rd7 Rb1 50. Rh7 Re1+ 51. Kf2 Rxe6 52. Rxa7 g5 53. g4 fxg4 54. Rh7 Re4 55. Rh6 Kg7 56. Rxb6 Re1 57. Rb7+ Kg6 58. Rb6+ Kh5 59. Rb8 Ra1 60. Rh8+ Kg6 61. Kg3 Rg1+ 62. Kh2 Rg2+ 63. Kh1 Ra2 64. a4 Kf5 65. Rf8+ Ke4 66. Re8+ Kf3 67. Rf8+ Kg3 68. Rf1 Kh4 69. Rb1 g3 70. Rb4+ g4 71. Rb1 g2+ 72. Kg1 g3 73. Rb4+ Kg5 74. Rb5+ Kf6 75. Rb6+ Ke7 76. Re6+ Kxe6 77. a5 h2# 0-1

[Event "45th Olympiad 2024"]
[Site "Budapest HUN"]
[Date "2024.09.14"]
[Round "4.24"]
[Board "4"]
[White "Sosa, Tomas ARG"]
[Black "Pinto, Daniel"]
[Result "1-0"]
[WhiteElo "2515"]
[BlackElo "2273"]
[PlyCount "89"]
[EventDate "2024.09.11"]
[WhiteTeam "Argentina"]
[BlackTeam "Bolivia"]
[WhiteTeamCountry "ARG"]
[BlackTeamCountry "BOL"]

1. e4 c6 2. d4 d5 3. exd5 cxd5 4. Bd3 Nc6 5. c3 Qc7 6. Ne2 e6 7. Nd2 ({RR} 7. Bf4 Bd6 8. Bg3 Nge7 9. O-O h5 10. Na3 a6 11. Qd2 h4 12. Bxd6 Qxd6 13. Qg5 Kf8 14. h3 f6 15. Qe3 Kf7 16. f4 Bd7 17. Nc2 Nf5 18. Qf2 Nce7 19. Ne3 Nxe3 20. Qxe3 Bb5 21. Nc1 Nf5 {0-1 Henriquez Villagra,C (2522)-Li,C (2699) PRO League KO Stage rapid 2019 (2)}) 7... Bd6 8. Nf3 Nf6 $146 ({RR} 8... Bd7 9. O-O Rc8 10. Qc2 Nb4 11. cxb4 Qxc2 12. Bxc2 Rxc2 13. Nc3 Bxb4 14. Ne1 Rxc3 15. bxc3 Bxc3 16. Rb1 Bc6 17. Nf3 f6 18. Ba3 Ne7 19. Rfc1 Ba5 20. Bc5 a6 21. Bb6 Bxb6 22. Rxb6 O-O 23. Re1 {½-½ Mueller,D (1893)-Elbeshausen,R (2085) Luxembourg-chT 1213 2012 (10)}) ({RR} 8... Nge7 9. O-O f6 10. c4 dxc4 11. Bxc4 Nd5 12. Nc3 Nxc3 13. bxc3 Ne7 14. Qb3 O-O 15. Bxe6+ Kh8 16. Bb2 Ng6 17. Bxc8 Raxc8 18. g3 Qd7 19. Rfe1 Qh3 20. Qe6 Qh5 21. Kg2 Rfd8 22. c4 Bb4 23. Re4 {0-1 Goncalves,S (2206)-Kokoszczynski,J (2314) Titled Tue 28th May Late 2024 (11)}) ({RR} 8... h6 9. Bc2 Bd7 10. O-O Nf6 11. Ng3 b5 12. a3 O-O 13. Re1 a5 14. Qd3 Rfb8 15. Bd2 b4 16. axb4 axb4 17. Nh5 Ne4 18. c4 Rxa1 19. Rxa1 b3 20. Bb1 Nb4 21. Bxb4 Bxb4 22. Ne5 f5 23. Qd1 {½-½ Duijn,R (2295)-Versteeg,H NED-chT 9697 1996}) 9. Ng3 Ne7 10. Qe2 Ng6 11. Nf5 Bf4 12. Bb5+ Kf8 13. Ne3 a6 14. Bd3 Bd6 15. g3 b6 16. h4 Ne7 17. Ng2 h5 18. Bf4 Bxf4 19. Nxf4 g6 20. Ne5 Kg7 21. O-O Qd6 22. Rae1 Nf5 23. Kh2 a5 24. f3 Ra7 25. Qd2 Ba6 26. Bxa6 Rxa6 27. Nexg6 fxg6 28. Rxe6 Qb8 29. Qe2 Qc8 30. Qe5 Rf8 31. g4 hxg4 32. fxg4 Nh6 33. Rg1 Kh7 34. Qg5 Nfg8 35. Qxg6+ Kh8 36. Qg5 Qb8 37. Rxh6+ Nxh6 38. Qxh6+ Kg8 39. Qg5+ Kh7 40. Qh5+ Kg7 41. Qg6+ Kh8 42. Rf1 Ra7 43. Kg2 Raf7 44. Ne6 Qe8 45. Rf5 1-0

[Event "45th Olympiad 2024"]
[Site "Budapest HUN"]
[Date "2024.09.14"]
[Round "4.25"]
[Board "1"]
[White "Schitco, Ivan"]
[Black "Salem, A.R. Saleh"]
[Result "1-0"]
[WhiteElo "2527"]
[BlackElo "2631"]
[PlyCount "65"]
[EventDate "2024.09.11"]
[WhiteTeam "Moldova"]
[BlackTeam "United Arab Emirates"]
[WhiteTeamCountry "MDA"]
[BlackTeamCountry "UAE"]

1. c4 g6 2. Nc3 Nf6 3. Nf3 Bg7 4. e4 d6 5. d4 O-O 6. Be2 e5 7. O-O h6 8. Re1 Nbd7 9. dxe5 dxe5 10. Qc2 c6 11. Be3 ({RR} 11. b3 Re8 12. Ba3 Bf8 13. Bb2 Nh5 14. g3 Ndf6 15. Rad1 Qc7 16. a3 Bg4 17. b4 b6 18. Nh4 Ng7 19. Bxg4 Nxg4 20. Qe2 Nf6 21. Nf3 Ne6 22. b5 Nd7 23. bxc6 Qxc6 24. Nd5 Bg7 25. Qd2 Nec5 {½-½ Drygalov,S (2541)-Giri,A (2745) Titled Tue 4th Jun Early 2024 (8)}) 11... Qe7 12. h3 Nc5 $146 ({RR} 12... Nh5 13. Qd2 Nf4 14. Bxf4 exf4 15. Qxf4 Qb4 16. Qd2 Nc5 17. Rad1 Be6 18. a3 Qb6 19. b4 Bxc3 20. Qxc3 Nxe4 21. Qd4 Ng5 22. Nxg5 Qxd4 23. Rxd4 hxg5 24. Bg4 Bxg4 25. hxg4 Rfe8 26. Rxe8+ Rxe8 27. Rd7 {½-½ Ivkov,B (2505)-Chiburdanidze,M (2510) Women-Veterans 1993}) ({RR} 12... Nh7 13. a3 Nc5 14. Rad1 Ne6 15. c5 Nhg5 16. b4 Nxf3+ 17. Bxf3 Nd4 18. Bxd4 exd4 19. Ne2 Rd8 20. Rd2 Be5 21. Red1 Qg5 22. Nxd4 Bxh3 23. Kf1 Bd7 24. Nb3 Be6 25. Na5 Rxd2 26. Qxd2 Qh4 27. g3 {1-0 Tin,J (2562)-Niemann,H (2698) World Rapid 2022 (13.44)}) 13. Rad1 Re8 14. b4 Ne6 15. Nxe5 Qxb4 16. Nxf7 Kxf7 17. e5 Nd7 18. f4 Nxf4 19. Bxf4 Nxe5 20. Ne4 Bf5 21. Qb3 Bf8 22. Qg3 Bxe4 23. Bxe5 Qc5+ 24. Bd4 Bd6 25. Qb3 Qg5 26. Bg4 b6 27. Rxe4 Rxe4 28. c5+ Qd5 29. Qxd5+ cxd5 30. cxd6 Rd8 31. Bf3 Rxd6 32. Bxe4 dxe4 33. Kf2 1-0

[Event "45th Olympiad 2024"]
[Site "Budapest HUN"]
[Date "2024.09.14"]
[Round "4.25"]
[Board "2"]
[White "Al Hosani, Omran"]
[Black "Macovei, Andrei"]
[Result "1/2-1/2"]
[WhiteElo "2241"]
[BlackElo "2464"]
[PlyCount "88"]
[EventDate "2024.09.11"]
[WhiteTeam "United Arab Emirates"]
[BlackTeam "Moldova"]
[WhiteTeamCountry "UAE"]
[BlackTeamCountry "MDA"]

1. d4 Nf6 2. c4 e6 3. Nf3 b6 4. g3 Ba6 5. Qc2 c5 6. Bg2 Bb7 7. O-O cxd4 8. Nxd4 Bxg2 9. Kxg2 Be7 ({RR} 9... Bc5 10. Rd1 Bxd4 11. Rxd4 Nc6 12. Rd1 Rc8 13. Nc3 O-O 14. e4 d5 15. exd5 exd5 16. cxd5 Ne5 17. Bf4 Re8 18. Qf5 Nc4 19. d6 Rc5 20. Nd5 Qa8 21. d7 Rd8 22. b3 Nxd5 23. Rxd5 Rxd5 24. Qe4 {0-1 Matlakov,M (2685)-Fedoseev,V (2678) PNWCC Online blitz JP 9th 2020 (5)}) 10. e4 Qc7 ({RR} 10... d6 11. Nc3 O-O 12. Qe2 a6 13. f4 Qc7 14. Be3 Nbd7 15. g4 Nc5 16. Qf3 Nd3 17. g5 Nd7 18. f5 Qxc4 19. fxe6 fxe6 20. Qh3 N7c5 21. Nc6 Rfe8 22. Qf3 Ne5 23. Nxe5 dxe5 24. g6 Rf8 25. Qh5 {0-1 Young,C (1758)-Stetsenko,I (1903) 45th Olympiad 2024 (3.81)}) 11. b3 $146 ({RR} 11. Qe2 d6 12. Nc3 O-O 13. b3 Nbd7 14. Bb2 Rfe8 15. Rfe1 a6 16. f4 Qb7 17. Qf3 h5 18. Rad1 Qc7 19. Re2 Rac8 20. Red2 Red8 21. Qe2 Qb7 22. Nf3 Nc5 23. Ng5 Nfxe4 24. Ngxe4 f5 25. Qxh5 fxe4 {0-1 Metreveli,L (1655)-Kokaia,G (2101) GEO-chT Club 2016 (3.2)}) 11... O-O 12. Bb2 Nc6 13. Nf3 Rfd8 14. Nc3 Rac8 15. Rfd1 a6 16. Qe2 d6 17. Rac1 Qb7 18. Nd4 Nxd4 19. Rxd4 Nd7 20. Rcd1 Nc5 21. f3 h6 22. R4d2 Rb8 23. Ba3 Rdc8 24. Na4 Nxa4 25. bxa4 Qc6 26. Bxd6 Bxd6 27. Rxd6 Qxa4 28. Rc1 Rc6 29. Rxc6 Qxc6 30. Rb1 Rd8 31. Qf2 Rd6 32. e5 Rd3 33. Rxb6 Qxc4 34. Qe2 Qc3 35. Rb8+ Kh7 36. Qe4+ g6 37. Qb7 Kg7 38. Qe7 Rd2+ 39. Kh3 Rxh2+ 40. Kxh2 Qc2+ 41. Kg1 Qc1+ 42. Kg2 Qc2+ 43. Kh3 Qf5+ 44. Kg2 Qc2+ 1/2-1/2

[Event "45th Olympiad 2024"]
[Site "Budapest HUN"]
[Date "2024.09.14"]
[Round "4.25"]
[Board "3"]
[White "Lashkin, Jegor"]
[Black "Ahmed, Fareed"]
[Result "1-0"]
[WhiteElo "2472"]
[BlackElo "2061"]
[PlyCount "75"]
[EventDate "2024.09.11"]
[WhiteTeam "Moldova"]
[BlackTeam "United Arab Emirates"]
[WhiteTeamCountry "MDA"]
[BlackTeamCountry "UAE"]

1. d4 Nf6 2. c4 e6 3. Nf3 Bb4+ 4. Bd2 Be7 5. Nc3 O-O 6. Bf4 d5 7. e3 b6 8. Bd3 Bb7 9. O-O c5 10. dxc5 bxc5 ({RR} 10... Bxc5 11. cxd5 Nxd5 12. Nxd5 Qxd5 13. Qc2 Qh5 14. Ng5 e5 15. Be2 Qg6 16. Qxg6 hxg6 17. Bxe5 f6 18. Bc4+ Kh8 19. Bxb8 Raxb8 20. Ne6 Rfc8 21. Rac1 Bd6 22. Rfd1 Be5 23. b3 Be4 24. Ba6 Re8 25. Nd4 {1-0 Carlsen,M (2853)-Gurel,E (2500) Titled Tue 20th Jun Early 2023 (5)}) ({RR} 10... Bxc5 11. a3 dxc4 12. Bxc4 Qxd1 13. Rfxd1 Nc6 14. b4 Be7 15. Nb5 Rfd8 16. Bc7 Rxd1+ 17. Rxd1 Rc8 18. Bd6 a6 19. Bxe7 axb5 20. Bxf6 bxc4 21. Bc3 Rd8 22. Rxd8+ Nxd8 23. b5 f6 24. Nd2 Bd5 25. e4 {1-0 Pujari,R (2071)-Sachi Jain (1987) Swiss Queens Wed #2 2024 (4.3)}) 11. h3 Nc6 12. Re1 $146 ({RR} 12. cxd5 exd5 13. Qe2 Nb4 14. Bb5 Qb6 15. a3 a6 16. Ba4 Nc6 17. Rfd1 Rfd8 18. e4 dxe4 19. Nxe4 Nd4 20. Nxd4 cxd4 21. Ng5 Nd5 22. Bd2 Qg6 23. Nf3 d3 24. Qf1 Nf4 25. Bxf4 Bxf3 26. Rd2 Be2 {0-1 Costescu,M (2065)-Izsak,G (2285) Stockerau op U18 1991}) 12... d4 13. exd4 cxd4 14. Ne4 Nb4 15. Nxf6+ Bxf6 16. Be4 Bxe4 17. Rxe4 Qb6 18. a3 Qb7 19. Re1 Nc6 20. b4 d3 21. Ra2 Rad8 22. Re3 Nd4 23. Rxd3 Qe4 24. Nxd4 Rxd4 25. Rxd4 Bxd4 26. Bd6 Rd8 27. c5 e5 28. Re2 Qd5 29. Qc2 h6 30. Qa2 Rxd6 31. cxd6 Qxd6 32. Rc2 g6 33. Qc4 Qf6 34. Qc6 Qg5 35. Qe8+ Kg7 36. Rc8 Bxf2+ 37. Kf1 Kf6 38. Qd8+ 1-0

[Event "45th Olympiad 2024"]
[Site "Budapest HUN"]
[Date "2024.09.14"]
[Round "4.25"]
[Board "4"]
[White "Sultan, Ibrahim"]
[Black "Iordachescu, Viorel"]
[Result "0-1"]
[WhiteElo "2206"]
[BlackElo "2572"]
[PlyCount "114"]
[EventDate "2024.09.11"]
[WhiteTeam "United Arab Emirates"]
[BlackTeam "Moldova"]
[WhiteTeamCountry "UAE"]
[BlackTeamCountry "MDA"]

1. d4 Nf6 2. c4 g6 3. Nc3 Bg7 4. e4 d6 5. Be2 O-O 6. Be3 c5 7. d5 e6 8. Nf3 exd5 9. cxd5 Bg4 10. Nd2 Bxe2 11. Qxe2 Na6 12. O-O Re8 13. h3 Qd7 ({RR} 13... Nc7 14. a4 b6 15. Qd3 Nd7 16. Bf4 Ne5 17. Qc2 Na6 18. Bxe5 Bxe5 19. Nc4 Nb4 20. Qe2 Bxc3 21. bxc3 Nxd5 22. Qf3 Nf6 23. Rfe1 Nxe4 24. Rad1 d5 25. Rd3 Qf6 26. Rxd5 Qxf3 27. gxf3 Nxc3 28. Rxe8+ {½-½ Sarana,A (2685)-Sadhwani,R (2616) Titled Tuesday intern op 08th Feb Late blitz 2022 (11)}) 14. Qd3 $146 ({RR} 14. Qc4 Rab8 15. a4 Nb4 16. Nb5 b6 17. Bf4 Bf8 18. Rfe1 a6 19. Nxd6 Bxd6 20. e5 b5 21. axb5 axb5 22. Qb3 Qf5 23. Qf3 Nd3 24. exd6 Rxe1+ 25. Rxe1 Nxe1 26. Qe3 Re8 {0-1 Gulyan,A (1710)-Malin,D (2050) Korchnoi Mem Open 2024 (3.137)}) 14... Nb4 15. Qb1 b5 16. a3 Na6 17. a4 b4 18. Ne2 Rac8 19. Rc1 Qe7 20. Ng3 Nb8 21. Nc4 Nfd7 22. Bf4 Ne5 23. Bxe5 Bxe5 24. Nf1 Nd7 25. Nfd2 Bf4 26. b3 Ne5 27. Re1 Qf6 28. Qc2 Bxd2 29. Nxd2 h5 30. Rad1 Rc7 31. Re3 Rce7 32. Rde1 h4 33. Qc1 Qf4 34. Qc2 Qf6 35. Qc1 Qg5 36. Qc2 f5 37. exf5 gxf5 38. R3e2 Rg7 39. f3 Ree7 40. Kh1 Qf4 41. Nf1 Kf8 42. Re3 Rgf7 43. Qe2 Ng6 44. Qa6 Rxe3 45. Rxe3 Kg7 46. a5 Qg5 47. Qxd6 Nf4 48. Qe5+ Kh7 49. Qb2 Nxd5 50. Re5 Qg7 51. Re2 Qxb2 52. Rxb2 Re7 53. Kg1 Kg6 54. Kf2 Nc3 55. Rd2 f4 56. Rd6+ Kf5 57. Rd2 c4 0-1